The cat and the lion : Jaipur state in the British Raj

Αποθηκεύτηκε σε:
Λεπτομέρειες βιβλιογραφικής εγγραφής
Κύριος συγγραφέας: Stern, Robert W. 1933-
Μορφή: Βιβλίο
Γλώσσα:English
Δημοσίευση: Leiden : E.J. Brill, 1988
Σειρά:Monographs and theoretical studies in sociology and anthropology in honour of Nels Anderson ; ; 21
Θέματα:
Ετικέτες: Προσθήκη ετικέτας
Δεν υπάρχουν, Καταχωρήστε ετικέτα πρώτοι!

MARC

LEADER 00000nam a2200000 i 4500
001 1/26041
008 981214s1988 eng d
020 |a 90-04-08283-2 
035 |l 10037486 
040 |a GR-MY-UA  |b gre  |e aacr 
041 0 |a eng 
082 0 |a 954.4 
100 1 |a Stern, Robert W.  |d 1933- 
245 1 4 |a The cat and the lion :  |b Jaipur state in the British Raj /  |c Robert W. Stern 
260 |a Leiden :   |b E.J. Brill,   |c 1988 
300 |a 331 p. 
490 1 |a Monographs and theoretical studies in sociology and anthropology in honour of Nels Anderson  |v ; 21  |x 0169-9202 
504 |a Includes bibliographical references and index 
651 0 |a Jaipur (Princely State)  |x Politics and government. 
830 0 |a Monographs and theoretical studies in sociology and anthropology in honour of Nels Anderson ;  |v ; 21  |x 0169-9202 
852 |a INST  |b LESVOS  |e 19981214  |h 954.4 STE  |p 005100017497  |q 005100017497  |t BK  |y 0 
901 |a BIBL-1999-1 
909 |a Λ  |b 060733 
922 |a 1ΕΛΗ  |b 199811  |c ΚΠΣ/ΤΚ  |d ΠΑΠΑΣΩΤΗΡΙΟΥ 
950 |a 103-1998-07-27